Verbreitung der russischen Sprache - Statistiken

Allgemein
  • Dieses Quiz wurde 317 mal gespielt
  • Das Durchschnittsergebnis liegt bei 17 aus 20
Antwortstatistiken
Platz Land Anteil Anzahl % Korrekt
1. Russland 82% 118.165.000
100%
2. Ukraine 32,9% 14.520.000
99%
5. Kasachstan 19% 3.563.000
97%
3. Weißrussland 70,2% 6.598.000
95%
11. Lettland 33,8% 643.000
90%
6. Deutschland 3,6% 2.997.000
89%
14. Estland 27,6% 367.000
89%
12. Kirgisistan 9% 593.000
89%
17. Litauen 6,4% 179.000
89%
9. Tadschikistan 7% 668.000
89%
4. Usbekistan 14,2% 4.861.000
89%
8. Turkmenistan 12% 724.000
88%
15. Georgien 8,8% 327.000
86%
16. Aserbaidschan 2,4% 243.000
85%
19. Armenien 2% 59.000
81%
10. Vereinigte Staaten 0,2% 659.000
81%
13. Moldawien 16% 419.000
79%
20. Finnland 0,9% 50.000
71%
18. Kanada 0,4% 152.000
62%
7. Israel 14% 1.290.000
20%
Keine übereinstimmenden Quizze gefunden
Verteilung der Resultate
Anzahl Personen mit jedem Resultat
Perzentil nach korrekt beantworteten Fragen
Ihre Resultats-Entwicklung
Sie haben dieses Quiz noch nicht gespielt